000 00672nam a2200193Ii 4500
003 JO-AjNU
008 230605s9999||||xx |||||||||||||| ||und||
040 _aJO-AjNU
_bara
_erda
_cJO-AjNU
041 _aara
050 1 4 _aHM251 .A226 1980
100 3 _aعوض، عباس محمود,
_eauthor
_917643
245 0 0 _aفي علم النفس الاجتماعي
264 3 1 _aبيروت: دار النهضة العربية، 1980
300 _a280ص
_bيحتوي على ببلوغرافية من 267-280ص
336 _atext
_btxt
_2rdacontent
337 _aunmediated
_bn
_2rdamedia
338 _avolume
_bnc
_2rdacarrier
650 4 _aعلم النفس الاجتماعي
_917644
999 _aA5493
_c9061
_d9061